Countries of Africa with a bad map - Statistics

General Stats
  • This quiz has been taken 29 times
  • The average score is 53 of 54
Answers on the Map
Answers color-coded by a green-red scale on the quiz's map according to % correct below.
 
Answer Stats
Country % Correct
Algeria
100%
Angola
100%
Benin
100%
Botswana
100%
Burundi
100%
Cameroon
100%
Central African Republic
100%
Chad
100%
D. R. Congo
100%
Equatorial Guinea
100%
Eritrea
100%
Eswatini
100%
Ethiopia
100%
Gabon
100%
Ghana
100%
Guinea
100%
Guinea-Bissau
100%
Lesotho
100%
Liberia
100%
Madagascar
100%
Malawi
100%
Mali
100%
Mauritania
100%
Morocco
100%
Mozambique
100%
Niger
100%
Nigeria
100%
Rep. of the Congo
100%
Rwanda
100%
Somalia
100%
South Africa
100%
South Sudan
100%
Sudan
100%
Tanzania
100%
Togo
100%
Tunisia
100%
Uganda
100%
Zambia
100%
Zimbabwe
100%
Burkina Faso
95%
Cape Verde
95%
Comoros
95%
Djibouti
95%
Egypt
95%
Gambia
95%
Ivory Coast
95%
Kenya
95%
Libya
95%
Namibia
95%
São Tomé and Príncipe
95%
Senegal
95%
Seychelles
95%
Sierra Leone
95%
Mauritius
90%
No matching quizzes found
Score Distribution
Percent of People with Each Score
Percentile by Number Answered
Your Score History
You have not taken this quiz